Analýza postupu riešenia programátorskej úlohy

Guardado en:
Detalles Bibliográficos
Autor principal: Hučko, Jakub (Autor)
Otros Autores: Konôpka, Martin (Orientador)
Formato: Manuscrito Libro
Lenguaje:eslovaco
Publicado: 2017
Materias:
Acceso en línea:http://is.stuba.sk/zp/portal_zp.pl?podrobnosti=115501
Etiquetas: Agregar Etiqueta
Sin Etiquetas, Sea el primero en etiquetar este registro!

MARC

LEADER 00000ntm a22000003a 4500
001 stuzp64410
003 SK-STU
005 20170701210706.8
007 ta
008 150427s2015----xo-----f-mn---000-0-slo-d
040 |a STU  |b slo 
041 0 |a slo 
100 1 |a Hučko, Jakub  |u 070200  |k Z4  |4 aut  |U FIIT Fakulta informatiky a informačných technológií  |T FIIT Ústav informatiky, informačných systémov a softvérového inžinierstva  |X 73916  |U I200  |Y 179  |7 73916 
242 0 1 |a Analyzing solutions of programming tasks  |y eng 
245 1 0 |a Analýza postupu riešenia programátorskej úlohy 
260 |c 2017 
650 4 |a sledovanie očí  |2 slo 
650 4 |a vizualizácia  |2 slo 
650 4 |a programovanie  |2 slo 
650 4 |a eye tracking  |2 eng 
650 4 |a visualization  |2 eng 
650 4 |a programming  |2 eng 
700 1 |a Konôpka, Martin  |u 070200  |k Z3  |4 ths  |U FIIT Fakulta informatiky a informačných technológií  |T FIIT Ústav informatiky, informačných systémov a softvérového inžinierstva  |X 64365  |U I200  |Y 179  |7 64365 
856 4 |u http://is.stuba.sk/zp/portal_zp.pl?podrobnosti=115501 
996 |b 11282  |c I* BAP63/17  |l II680  |s P  |a 0  |w stuzp64410_0001